<?xml version="1.0" encoding="UTF-8"?>
<record
    xmlns:xsi="http://www.w3.org/2001/XMLSchema-instance"
    xsi:schemaLocation="http://www.loc.gov/MARC21/slim http://www.loc.gov/standards/marcxml/schema/MARC21slim.xsd"
    xmlns="http://www.loc.gov/MARC21/slim">

  <leader>00567nam a22001577a 4500</leader>
  <controlfield tag="003">OSt</controlfield>
  <controlfield tag="005">20150910154950.0</controlfield>
  <controlfield tag="008">150910b        xxu||||| |||| 00| 0 eng d</controlfield>
  <datafield tag="040" ind1=" " ind2=" ">
    <subfield code="c">RUA</subfield>
  </datafield>
  <datafield tag="082" ind1=" " ind2=" ">
    <subfield code="a">ADR &#x1793;&#x17BD;&#x1793;&#x200B; 1995 B011 Or.  </subfield>
  </datafield>
  <datafield tag="100" ind1=" " ind2=" ">
    <subfield code="9">260</subfield>
    <subfield code="a">&#x1793;&#x17BD;&#x1793;&#x200B; &#x179F;&#x17C6;&#x178E;&#x17B6;&#x1784;</subfield>
  </datafield>
  <datafield tag="245" ind1=" " ind2=" ">
    <subfield code="a">STUDY OF BASED FARMING SYTEMES IN PURSAT PROVINCE &#x179F;&#x17B7;&#x1780;&#x17D2;&#x179F;&#x17B6;&#x179B;&#x1780;&#x17D2;&#x1781;&#x178E;&#x17C8;&#x1782;&#x17D2;&#x179A;&#x17B9;&#x17C7;&#x1794;&#x17D2;&#x179A;&#x1796;&#x17D0;&#x1793;&#x17D2;&#x1792;&#x1780;&#x179F;&#x17B7;&#x1780;&#x1798;&#x17D2;&#x1798;&#x1781;&#x17C1;&#x178F;&#x17D2;&#x178A;&#x1796;&#x17C4;&#x1792;&#x17B7;&#x179F;&#x17B6;&#x178F;&#x17CB;</subfield>
  </datafield>
  <datafield tag="260" ind1=" " ind2=" ">
    <subfield code="a">Phnom Penh</subfield>
    <subfield code="b">RUA</subfield>
    <subfield code="c">1995</subfield>
  </datafield>
  <datafield tag="300" ind1=" " ind2=" ">
    <subfield code="a">86p.</subfield>
    <subfield code="b">ill.</subfield>
    <subfield code="c">29cm.</subfield>
  </datafield>
  <datafield tag="942" ind1=" " ind2=" ">
    <subfield code="2">ddc</subfield>
    <subfield code="c">AGR</subfield>
  </datafield>
  <datafield tag="999" ind1=" " ind2=" ">
    <subfield code="c">240</subfield>
    <subfield code="d">240</subfield>
  </datafield>
  <datafield tag="952" ind1=" " ind2=" ">
    <subfield code="0">0</subfield>
    <subfield code="1">0</subfield>
    <subfield code="2">ddc</subfield>
    <subfield code="4">0</subfield>
    <subfield code="6">ADR_&#x1793;&#x17BD;&#x1793;_1995_000000000000000_B011_OR_1</subfield>
    <subfield code="7">0</subfield>
    <subfield code="9">1062</subfield>
    <subfield code="a">LBB</subfield>
    <subfield code="b">LBB</subfield>
    <subfield code="c">B011</subfield>
    <subfield code="d">2015-09-10</subfield>
    <subfield code="o">ADR &#x1793;&#x17BD;&#x1793;&#x200B; 1995 B011 Or.1</subfield>
    <subfield code="p">RUA003836</subfield>
    <subfield code="r">2015-09-10</subfield>
    <subfield code="w">2015-09-10</subfield>
    <subfield code="y">AGR</subfield>
  </datafield>
  <datafield tag="952" ind1=" " ind2=" ">
    <subfield code="0">0</subfield>
    <subfield code="1">0</subfield>
    <subfield code="2">ddc</subfield>
    <subfield code="4">0</subfield>
    <subfield code="6">ADR_&#x1793;&#x17BD;&#x1793;_1995_000000000000000_B011_OR_2</subfield>
    <subfield code="7">0</subfield>
    <subfield code="9">1063</subfield>
    <subfield code="a">LBB</subfield>
    <subfield code="b">LBB</subfield>
    <subfield code="c">B011</subfield>
    <subfield code="d">2015-09-10</subfield>
    <subfield code="o">ADR &#x1793;&#x17BD;&#x1793;&#x200B; 1995 B011 Or.2</subfield>
    <subfield code="p">RUA003835</subfield>
    <subfield code="r">2015-09-10</subfield>
    <subfield code="w">2015-09-10</subfield>
    <subfield code="y">AGR</subfield>
  </datafield>
  <datafield tag="952" ind1=" " ind2=" ">
    <subfield code="0">0</subfield>
    <subfield code="1">0</subfield>
    <subfield code="2">ddc</subfield>
    <subfield code="4">0</subfield>
    <subfield code="6">ADR_&#x1793;&#x17BD;&#x1793;_1995_000000000000000_B011_OR_3</subfield>
    <subfield code="7">0</subfield>
    <subfield code="9">1064</subfield>
    <subfield code="a">LBB</subfield>
    <subfield code="b">LBB</subfield>
    <subfield code="c">B011</subfield>
    <subfield code="d">2015-09-10</subfield>
    <subfield code="o">ADR &#x1793;&#x17BD;&#x1793;&#x200B; 1995 B011 Or.3</subfield>
    <subfield code="p">RUA003763</subfield>
    <subfield code="r">2015-09-10</subfield>
    <subfield code="w">2015-09-10</subfield>
    <subfield code="y">AGR</subfield>
  </datafield>
  <datafield tag="952" ind1=" " ind2=" ">
    <subfield code="0">0</subfield>
    <subfield code="1">0</subfield>
    <subfield code="2">ddc</subfield>
    <subfield code="4">0</subfield>
    <subfield code="6">ADR_&#x1793;&#x17BD;&#x1793;_1995_000000000000000_B011_OR_4</subfield>
    <subfield code="7">0</subfield>
    <subfield code="9">1065</subfield>
    <subfield code="a">LBB</subfield>
    <subfield code="b">LBB</subfield>
    <subfield code="c">B011</subfield>
    <subfield code="d">2015-09-10</subfield>
    <subfield code="o">ADR &#x1793;&#x17BD;&#x1793;&#x200B; 1995 B011 Or.4</subfield>
    <subfield code="p">RUA003691</subfield>
    <subfield code="r">2015-09-10</subfield>
    <subfield code="w">2015-09-10</subfield>
    <subfield code="y">AGR</subfield>
  </datafield>
  <datafield tag="952" ind1=" " ind2=" ">
    <subfield code="0">0</subfield>
    <subfield code="1">0</subfield>
    <subfield code="2">ddc</subfield>
    <subfield code="4">0</subfield>
    <subfield code="6">ADR_&#x1793;&#x17BD;&#x1793;_1995_000000000000000_B011_OR_5</subfield>
    <subfield code="7">0</subfield>
    <subfield code="9">1066</subfield>
    <subfield code="a">LBB</subfield>
    <subfield code="b">LBB</subfield>
    <subfield code="c">B011</subfield>
    <subfield code="d">2015-09-10</subfield>
    <subfield code="o">ADR &#x1793;&#x17BD;&#x1793;&#x200B; 1995 B011 Or.5</subfield>
    <subfield code="p">RUA003613</subfield>
    <subfield code="r">2015-09-10</subfield>
    <subfield code="w">2015-09-10</subfield>
    <subfield code="y">AGR</subfield>
  </datafield>
</record>
